LDR 01000naa#a2200169#i#450# 001 RU\INFRA-M\bibl\103502 005 20260629092052.1 011 ## _a1998-0728 100 ## _a20250825b2025####ek#y0rusy0150####ca 102 ## _aRU 200 1# _aОбразовательный процесс и успешность учебной деятельности младшего школьника (Часть 2) _eЖурнальная статья 210 1# _aМосква _cОбщество с ограниченной ответственностью «Научно-издательский центр ИНФРА-М» _d2025 215 ## _a6 с. 608 ## _aЖурнальная статья _2local 675 ## _aПервая ступень обучения. Начальная школа. 373.3 _aОбщие вопросы дидактики и методики воспитания и обучения. 37.02 _aРазвивающее обучение. 371.315.5 _z 700 #1 _aВиноградова _gН. Ф. 856 4# _anaukaru.ru _u